Prime time for prime contracting (Record no. 68276)

MARC details
000 -LEADER
fixed length control field 01192cam a2200229 4500
001 - CONTROL NUMBER
control field ABS64481
008 - FIXED-LENGTH DATA ELEMENTS--GENERAL INFORMATION
fixed length control field 010917n2001 000 0 eng u
035 ## - SYSTEM CONTROL NUMBER
System control number (Sirsi) u114595
100 ## - MAIN ENTRY--PERSONAL NAME
Personal name Button, R.
245 ## - TITLE STATEMENT
Title Prime time for prime contracting
260 ## - PUBLICATION, DISTRIBUTION, ETC.
Date of publication, distribution, etc. 2001
490 ## - SERIES STATEMENT
Series statement CSM (Chartered Surveyor Monthly)
Volume/sequential designation September 2001, 34(1)
520 ## - SUMMARY, ETC.
Summary, etc. Discusses prime contracting - an application of the partnering concept between the prime contractor and the supply chain. Describes the experiences of the Ministry of Defence, which has pioneered prime contracting as a form of procurement. Explains how the prime contractor takes responsibility for almost all aspects of the project. However, he only actually carries out a small proportion of the work himself. Most of this is done by his supply chain. Thus the core skill of a prime contractor is to manage the supply chain. Suggests that prime contracting can generoulsy award those who achieve their objectives.
590 ## - LOCAL NOTE (RLIN)
Local note ABS
650 ## - SUBJECT ADDED ENTRY--TOPICAL TERM
Topical term or geographic name entry element PRIME CONTRACTING
650 ## - SUBJECT ADDED ENTRY--TOPICAL TERM
Topical term or geographic name entry element PARTNERING
650 ## - SUBJECT ADDED ENTRY--TOPICAL TERM
Topical term or geographic name entry element SUPPLY CHAIN
650 ## - SUBJECT ADDED ENTRY--TOPICAL TERM
Topical term or geographic name entry element MINISTRY OF DEFENCE
690 ## - LOCAL SUBJECT ADDED ENTRY--TOPICAL TERM (OCLC, RLIN)
Topical term or geographic name as entry element Procurement
9 (RLIN) 6260
700 ## - ADDED ENTRY--PERSONAL NAME
Personal name Mills, R.
942 ## - ADDED ENTRY ELEMENTS (KOHA)
Suppress in OPAC 0
Holdings
Withdrawn status Lost status Source of classification or shelving scheme Damaged status Not for loan Home library Current library Shelving location Date acquired Total Checkouts Full call number Barcode Date last seen Copy number Price effective from Koha item type
    Dewey Decimal Classification     London London Journal article 17/09/2001   ABS64481 114595-1001 06/08/2019 1 06/08/2019 Journal article